Open Data Biblioteca Nacional de Portugal


República Portuguesa: Ministério da Cultura
Biblioteca Nacional de Portugal

Catálogo da BNP: acesso por Identificadores Unívocos
Registos Bibliográficos associados ao registo de autoridade

Etiqueta de registo: 00728cam 02200241 04500
001 9559
003 http://id.bnportugal.gov.pt/bib/catbnp/9559
005 19981111023600.0
095 ## $aPTBN00009807
100 ## $a19801201d1980 m y0pora0103 ba
101 1# $apor$cfre
102 ## $aPT
200 1# $a O fantasma, o justiceiro da selva$fLee Falk, Sy Barry$gtrad. Maria da Graça Lima Gomes
205 ## $a1ª ed
210 #9 $aLisboa$cCírculo de Leitores,$dimp. 1980
215 ## $a[40] p.$ctodo il.$d20 cm
304 ## $aTít. orig.: Le justicier de la jungle
675 ## $a087.6$vmed$zpor$3288008
700 #1 $aFalk,$bLee,$f1911-1999$3101747
701 #1 $aBarry,$bSy$4070$3213774
702 #1 $aGomes,$bMaria da Graça Lima$4730$336475
801 #0 $aPT$bBN$gRPC
966 ## $lBN$mFGMON$sP. 5592 V.
998 ## $aFSE18 - 00051

Etiqueta de registo: 00586cam 02200217 04500
001 18610
003 http://id.bnportugal.gov.pt/bib/catbnp/18610
005 19981111160100.0
095 ## $aPTBN00019054
100 ## $a19830301d1982 m y0pora0103 ba
101 1# $apor
102 ## $aPT
200 1# $aMandrake, o mágico$fLee Falk, Phil Davis
210 #9 $aLisboa$cFutura,$dcop. 1982
215 ## $a64 p.$ctodo il.$d29 cm
225 2# $aAntologia da BD clássica$v1
675 ## $a087.5$vmed$zpor$3287999
700 #1 $aFalk,$bLee,$f1911-1999$3101747
701 #1 $aDavis,$bPhil,$f1906-1964$4070$336762
801 #0 $aPT$bBN$gRPC
966 ## $lBN$mFGMON$sP. 6455 V.
998 ## $aFSE42 - 00233

Etiqueta de registo: 00602cam 022002171 04500
001 292897
003 http://id.bnportugal.gov.pt/bib/catbnp/292897
005 19981228000000.0
095 ## $aPTBN00304807
100 ## $a19740701d1974 m y0pora0103 ba
101 1# $apor$ceng
102 ## $aPT
200 1# $a A história do fantasma$fLee Falk$gtrad. Elsa Figueira
210 #9 $aLisboa$cPortugal Press,$d1974
215 ## $a234 p.$d19 cm
225 2# $aFantasma$v1
304 ## $aTít. orig. :The story of the fantome
675 ## $a820(73)$vmed$zpor$3288123
700 #1 $aFalk,$bLee,$f1911-1999$3101747
702 #1 $aFigueira,$bElsa$4730$337319
801 #0 $aPT$bBN$gRPC
966 ## $lBN$mFGMON$sL. 68231 P.

Etiqueta de registo: 00680cam 022002291 04500
001 277884
003 http://id.bnportugal.gov.pt/bib/catbnp/277884
005 19981208192800.0
095 ## $aPTBN00289034
100 ## $a19740101d1974 m y0pora0103 ba
101 1# $apor$ceng
102 ## $aPT
200 1# $a O mercado de escravos de Mucar$fLee Falk$gtrad. Elsa Figueira
210 #9 $aLisboa$cPortugal Press,$d1974$ePorto :$gTip. Douro Manufacturas)
215 ## $a225 p.$d19 cm
225 2# $aFantasma$v2
304 ## $aTit. orig.: The Slave Market of Mucar
675 ## $a820(73)$vmed$zpor$3288123
700 #1 $aFalk,$bLee,$f1911-1999$3101747
702 #1 $aFigueira,$bElsa$4730$337319
801 #0 $aPT$bBN$gRPC
966 ## $lBN$mFGMON$sL. 68215 P.$x1
966 ## $lBN$mFGMON$sL. 68238 P.

Etiqueta de registo: 00626cam 022002291 04500
001 228083
003 http://id.bnportugal.gov.pt/bib/catbnp/228083
005 19981202191100.0
095 ## $aPTBN00236405
100 ## $a19750601d1975 m y0pora0103 ba
101 1# $apor$ceng
102 ## $aPT
200 1# $aMandrake, dimensão X$fLee Falk$gtrad. de L. Costa
210 #9 $aLisboa$cPortugal Press,$d1975
215 ## $a203 p.$d18 cm
225 2# $aMandrake$v1
304 ## $aTít. orig. : Chamber into the X dimension
675 ## $a820(73)$vmed$zpor$3288123
700 #1 $aFalk,$bLee,$f1911-1999$3101747
702 #1 $aCosta,$bL.$4730$348006
801 #0 $aPT$bBN$gRPC
966 ## $lBN$mFGMON$sL. 68951 P.
998 ## $aCR330 - 00280

Etiqueta de registo: 00645cam 02200229 04500
001 25289
003 http://id.bnportugal.gov.pt/bib/catbnp/25289
005 19981111223800.0
095 ## $aPTBN00025918
100 ## $a19840601d1983 m y0pora0103 ba
101 1# $apor
102 ## $aPT
200 1# $aMandrake II$fLee Falk e Phil Davis$gtrad. Chaves Ferreira
210 #9 $aLisboa$cFutura,$dcop. 1983
215 ## $a64 p.$ctodo il.$d29 cm
225 2# $aAntologia da B. D. clássica$v10
675 ## $a087.5$vmed$zpor$3287999
700 #1 $aFalk,$bLee,$f1911-1999$3101747
701 #1 $aDavis,$bPhil,$f1906-1964$4070$336762
702 #1 $aFerreira,$bChaves$4730$334171
801 #0 $aPT$bBN$gRPC
966 ## $lBN$mFGMON$sP. 7092 V.
998 ## $aFSE68 - 00280

Etiqueta de registo: 00615cam 022002291 04500
001 362730
003 http://id.bnportugal.gov.pt/bib/catbnp/362730
005 19981230000000.0
095 ## $aPTBN00387320
100 ## $a19920723d1974 em y0pory0103 ba
101 1# $apor$ceng
102 ## $aPT
200 1# $a A dama velada$fLee Falk$gtrad. Elsa Figueira
210 #9 $aLisboa$cPortugal Press,$d1974
215 ## $a172, [1] p.$d18 cm
225 2# $aFantasma$v4
304 ## $aTít. orig.: The veilled lady
675 ## $a820(73)$vmed$zpor$3288123
700 #1 $aFalk,$bLee,$f1911-1999$3101747
702 #1 $aFigueira,$bElsa$4730$337319
801 #0 $aPT$bBN$gRPC
966 ## $lBN$mFGMON$sL. 68339 P.
998 ## $aCR709-224

Etiqueta de registo: 00254nam 2200025 450
001 2284629
003 http://id.bnportugal.gov.pt/bib/catbnp/2284629
100 ## $a20260417d1973 m y0pory01030103ba
101 0# $apor
102 ## $aPT
105 ## $aa t 000yy
106 ## $ar
200 1# $aSelecções jornal do Cuto$fLee Falk... [et al.]$gtrad. Raul Correia, Roussado Pinto
210 #9 $aLisboa$cPortugal Press,$d1973
215 ## $a232 p.$ctodo il.$d26 cm
317 ## $aColeção Leandro de Moraes Sarmento$5PTBN: L.M.S. 82
327 11 $aVol. 1: Fantasma, "Os supergorilas" / Lee Falk, Wilson McCoy. - Buz Sawyer, "Complicações de saias" / Roy Crane. - "Olho vermelho" / Gordon Bess. - "O fugitivo de Nevada" / José Laffond. - Flash Gordon, "Uma aventura em Vénus" / Dan Barry. - Matt Marriott, "Uma centena de dólares / Tony Weare. - Rip Kirby, "O Caso de Melody Lane" / Alex Raymond. - Agent Secreto X-9, "Um caso complicado" / Mel Graff. - "Os dragões do Tibete" / Emilio Freixas.
518 1# $aSeleções jornal do Cuto
675 ## $a087.5(084.1)$vBN$zpor$3288233
700 #1 $aFalk,$bLee,$f1911-1999$3101747
701 #1 $aMcCoy,$bWilson,$f1902-1961$4070$3184734
701 #1 $91$aCrane,$bRoy,$f1901-1977$4070$31996092
701 #1 $91$aBess,$bGordon,$f1929-1989$4070$31996093
701 #1 $91$aLaffond,$bJosé,$f1926-1971$4070$31996095
701 #1 $91$aBarry,$bDan,$f1923-1997$4070$31996097
701 #1 $aWeare,$bTony,$f1912-1994$4070$3338137
701 #1 $aRaymond,$bAlex,$f1909-1956$4070$378723
701 #1 $91$aGraff,$bMel,$f1907-1975$4070$31996099
701 #1 $aFreixas,$bEmílio,$f1899-1976$4070$3372745
702 #1 $aCorreia,$bRaúl,$f1904-1985$4730$351301
702 #1 $aPinto,$bRoussado,$f1926-1985$4730$377694
801 #0 $aPT$bBN$gRPC
966 ## $lBN$mFGMON$pBiblioteca particular Leandro de Moraes Sarmento$sL.M.S. 82 $x3

OpendataBNP@bnportugal.pt | Mais informação sobre acesso aos dados BNP